00516 a2200169 4500999001700000020000700017020000700024050002000031100003500051245012500086264003700211300001100248500002000259650001700279650002300296942002700319 c10154d10154 aNA aNA00aKF 9201 LAN1982 aLansdown and Campebelleauthor00aSouth African criminal law and procedure (formerly Gardiner and Lansdown).bVol. 3 statutory offencescby J. R. L Milton aCape Town :bJuta and co,c1982. a965p.: aincludes index. 0aCriminal law 0aCriminal procedure 2lcccBKh9201iLANkKF